South Eastern Kenya University

Library Online Public Access Catalogue


Irwin Shaw, three complete novels. (Record no. 10333)

MARC details
000 -LEADER
fixed length control field 00331cam a2200133 a 4500
020 ## - ISBN
International Standard Book Number 0517347970
050 00 - LIBRARY OF CONGRESS CALL NUMBER
Classification Number PS3537.H384
Item Number A15 1993
100 1# - MAIN ENTRY--Author
Personal name Shaw, Irwin,
Dates associated with a name 1913-1984.
245 10 - TITLE
Title Irwin Shaw, three complete novels.
250 ## - EDITIONSTATEMENT
Edition statement 1993
260 ## - PUBLICATION, DISTRIBUTION, ETC.(IMPRINT)
Place of publication, distribution, etc New York :
Name of publisher, distributor, etc Avenel Books,
Date of publication, distribution, etc 1993
300 ## - PHYSICAL DESCRIPTION
Extent 770 p. ;
942 ## - ADDED ENTRY ELEMENTS(KOHA)
Source of classification or shelving scheme Library of Congress Classification
Koha item type General circulation
Holdings
Source of classification or shelving scheme Not for loan Location (home branch) Sublocation (holding branch) Date accessioned Full call number Barcode Koha item type Public note
Library of Congress Classification   Mtito Andei Centre Library Mtito Andei Centre Library 04/02/2016 PS3537.H384 A15 1993 2015/008026 General circulation amm
Kitui, Kenya.
+254736116989
library@seku.ac.ke